| 000 | 00565nam a2200169 i 4500 | ||
|---|---|---|---|
| 001 | 26611 | ||
| 003 | ES-MaACL | ||
| 005 | 20230906153455.0 | ||
| 007 | t| | ||
| 008 | 030109s1973 sp f |||| |bspa d | ||
| 100 | 1 |
_aArranz, Antonio María. _923214 |
|
| 245 | 1 | 0 |
_aO santo o muerto _b: estampas biográficas del Apóstol de Chile Padre Mariano Avellana / _cAntonio María Arranz. |
| 260 |
_a[Tárrega, Lérida : _bF. Campos Calmet], _c1973. |
||
| 300 |
_a170 p., 1 lám. ; _c21 cm. |
||
| 600 | 1 | 4 |
_aAvellana, Mariano _c(C.M.F.) _9168802 |
| 852 |
_aES-MaACL _jC-54038 |
||
| 999 |
_c26611 _d26611 |
||